000 00862nam a22002417a 4500
001 3748
003 FISKH
005 20240429103229.0
008 240429b cb ||||| |||| 00| 0 eng d
040 _aFISK
_beng
_cFISK
_dFISK
050 _aPZ7.K2518
082 _a495
100 _aKehret Peg
_d1936-
245 _aStolen children /
_cPeg Kehret
260 _aNew York :
_bScholastic,
_c2009
300 _a165 pages :
_c20 cm
505 _aM
520 _aFourteen-year-old Amy's excitement over her first babysitting job ends when she and her three-year-old charge are kidnapped, but a daily videorecording sent to little Kendra's parents allows Amy to send clues, in hopes of being rescued before the kidnappers decide they no longer need her.
521 8 _a730
_bLexiles
700 _aPeg Kehret
942 _2lcc
_cBK
_n0
999 _c3748
_d3748